000 01185nam a2200337 a 4500
001 000114083
003 CHAP
005 20220329144426.0
008 171026s2017 mx sm |||||||spa d
010 _a110544
011 _a111516
040 _cCHAP
090 _aTesis
100 1 _aBahena Pineda, Maribel
_9133938
245 1 0 _aProducción del hongo seta (Pleurotus ostreatus Jacq.) en cuatro diferentes sustratos
_h[En línea]
_cpor Maribel Bahena Pineda.
260 _aCocula Gro. :
_bEl autor,
_c2017.
500 _aPara ver el contenido del material haga clic en la liga
502 _aTesis (Ing. Agr. Fitotecnista) -- Colegio Superior Agropecuario del Estado de Gerrero
590 _aBATCH
_b00
_c20181121
_lUCH01
_h0758
590 _aE6339RRR
_b05
_c20171026
_lUCH01
_h1356
590 _aE6339RRR
_b05
_c20171026
_lUCH01
_h1357
590 _aE6339RRR
_b05
_c20171026
_lUCH01
_h1358
650 1 4 _aHongos comestibles.
_956124
650 1 4 _aSetas
_xRendimiento.
_9105381
650 1 4 _aSustratos orgánicos.
_9127077
856 _a1
_n0000698
856 _aFinding aid
_uhttp://10.13.5.2/tesis/sist114083.pdf
_zTeclea aquí
901 _aBK
942 _cTESIS
942 _n0
999 _c110544
_d110544